header

Public speaking (Record no. 257370)

MARC details
000 -LEADER
fixed length control field 00411nam a22001697a 4500
003 - CONTROL NUMBER IDENTIFIER
control field OSt
005 - DATE AND TIME OF LATEST TRANSACTION
control field 20181024085913.0
008 - FIXED-LENGTH DATA ELEMENTS--GENERAL INFORMATION
fixed length control field 181024b xxu||||| |||| 00| 0 eng d
020 ## - INTERNATIONAL STANDARD BOOK NUMBER
International Standard Book Number 061827703x
040 ## - CATALOGING SOURCE
Transcribing agency n/a
050 ## - LIBRARY OF CONGRESS CALL NUMBER
Classification number PN4121
Item number .O837 2003
100 ## - MAIN ENTRY--PERSONAL NAME
Personal name Michael Osborn & Suzanne Osborn
245 ## - TITLE STATEMENT
Title Public speaking
250 ## - EDITION STATEMENT
Edition statement 6th ed
260 ## - PUBLICATION, DISTRIBUTION, ETC. (IMPRINT)
Place of publication, distribution, etc Boston
Name of publisher, distributor, etc Houghton Mifflin
Date of publication, distribution, etc 2003
942 ## - ADDED ENTRY ELEMENTS (KOHA)
Source of classification or shelving scheme Library of Congress Classification
Koha item type Long Loan Books
Holdings
Withdrawn status Lost status Source of classification or shelving scheme Damaged status Not for loan Collection code Home library Current library Shelving location Date acquired Total Checkouts Full call number Barcode Date last seen Price effective from Koha item type Checked out Date checked out
    Library of Congress Classification     Non-fiction Rongo University Library Rongo University Library General Stacks 24/10/2018   PN4121 .O837 2003 201612855 24/10/2018 24/10/2018 Long Loan Books    
    Library of Congress Classification     Non-fiction Rongo University Library Rongo University Library General Stacks 24/10/2018 1 PN4121 .O837 2003 201613410 16/02/2021 24/10/2018 Long Loan Books 02/03/2021 16/02/2021

© 2026 Rongo University
Contact us: librarian | system librarian | Rongo university